000 00436 a2200145 4500
005 20250626093521.0
020 _a978-0-07-147494-8
082 _a658.404 GOO
100 _aGOODMAN, A. S.
245 _aInfrastructure Planning Handbook: Planning, Engineering and Economics.
260 _aNew York,
_bMcGraw Hill,
_c2006.
300 _axvii, 517p.: ill.; figure, table
_bIndex & References
_c26cm
700 _aHASTAK, M.
942 _2ddc
_cBKS
999 _c5264
_d5264